LIBRARY & INFORMATION CENTRE, KCAET, TAVANUR

ONLINE PUBLIC ACCESS CATALOGUE (OPAC)

Development and evaluation of semi-continuous microwave convective dryer for food products / (Record no. 18085)

MARC details
000 -LEADER
fixed length control field 00445nam a22001577a 4500
003 - CONTROL NUMBER IDENTIFIER
control field OSt
082 ## - DEWEY DECIMAL CLASSIFICATION NUMBER
Classification number 664
Item number ALF/DE
088 ## - REPORT NUMBER
Report number 609
100 ## - MAIN ENTRY--AUTHOR NAME
Personal name Alfiya P V
245 ## - TITLE STATEMENT
Title Development and evaluation of semi-continuous microwave convective dryer for food products /
260 ## - PUBLICATION, DISTRIBUTION, ETC. (IMPRINT)
Place of publication Tavanur :
Name of publisher Department of Processing & Food Engineering,
Year of publication 2024.
300 ## - PHYSICAL DESCRIPTION
Number of Pages p.
650 ## - SUBJECT ADDED ENTRY--TOPICAL TERM
Topical Term Food engineering
700 ## - ADDED ENTRY--PERSONAL NAME
Personal name Rajesh G K (Guide)
942 ## - ADDED ENTRY ELEMENTS (KOHA)
Koha item type Theses
Holdings
Collection code Home library Current library Full call number Accession Number Koha item type Public note
Reference KAUAET KAUAET 664 ALF/DE T 609 Theses PhD Thesis
free website counter